Princezna & psychopat : jak poznat tyrana a vyhnout se mu obloukem /
Co dělat, když se zamilujete do skutečného tyrana a manipulátora? Autoři zkoumají povahu psychopatického partnera, proměny vztahové dynamiky i možnosti, jak usilovat o zdravější a stabilnější partnerství.
Uloženo v:
| Hlavní autor: | |
|---|---|
| Další autoři: | |
| Médium: | E-kniha |
| Jazyk: | Czech |
| Vydáno: |
V Praze :
Mladá fronta,
2025
|
| Vydání: | 1. vydání |
| Témata: | |
| Tagy: |
Žádné tagy |
| LEADER | 02811nam a2200565 i 4500 | ||
|---|---|---|---|
| 001 | 312854 | ||
| 003 | CZ PrSKC | ||
| 005 | 20260601215730.0 | ||
| 007 | ta | ||
| 008 | 251022s2025 xr e f 000 j cze | ||
| 015 | |a cnb003716001 | ||
| 020 | |a 9788020465979 |q (vázáno) : |c Kč 369,00 | ||
| 035 | |a (OCoLC)1559932644 | ||
| 040 | |a BOA001 |b cze |e rda | ||
| 072 | 7 | |a 316.4/.7 |x Sociální interakce. Sociální komunikace |2 Konspekt | |
| 080 | |a 316.344.6-056.34 |2 MRF | ||
| 080 | |a 316.628 |2 MRF | ||
| 080 | |a 316.346.2 |2 MRF | ||
| 080 | |a 316.472.42 |2 MRF | ||
| 080 | |a (0.062) |2 MRF | ||
| 080 | |a (0:82-32) |2 MRF | ||
| 100 | 1 | |a Honzák, Radkin, |d 1939- |7 jn19990209257 |4 aut | |
| 245 | 1 | 0 | |a Princezna & psychopat : |b jak poznat tyrana a vyhnout se mu obloukem / |c Radkin Honzák, Klára Mandausová |
| 250 | |a 1. vydání | ||
| 264 | 1 | |a V Praze : |b Mladá fronta, |c 2025 | |
| 300 | |a 169 stran ; |c 21 cm | ||
| 336 | |a text |b txt |2 rdacontent | ||
| 337 | |a bez média |b n |2 rdamedia | ||
| 338 | |a svazek |b nc |2 rdacarrier | ||
| 504 | |a Obsahuje bibliografické odkazy | ||
| 520 | 2 | |a Co dělat, když se zamilujete do skutečného tyrana a manipulátora? Autoři zkoumají povahu psychopatického partnera, proměny vztahové dynamiky i možnosti, jak usilovat o zdravější a stabilnější partnerství. |b Když psychopat ukořistí, mění se v tyrana, nebo se nabaží a jde dál. Jsou ale případy, kdy se s ním dá prožít docela fajn život. Psychiatr Radkin Honzák a spisovatelka Klára Mandausová se zamýšlejí nad alchymií vztahů a jak s její pomocí ní vykouzlit pohádkové, a ne jedovaté partnerství. Nakladatelská anotace. Kráceno. | |
| 650 | 0 | 7 | |a psychopati |7 ph508951 |2 czenas |
| 650 | 0 | 7 | |a manipulace (psychologie) |7 ph122611 |2 czenas |
| 650 | 0 | 7 | |a muži a ženy |7 ph123061 |2 czenas |
| 650 | 0 | 7 | |a partnerské vztahy |7 ph115684 |2 czenas |
| 650 | 0 | 9 | |a psychopaths |2 eczenas |
| 650 | 0 | 9 | |a manipulation (psychology) |2 eczenas |
| 650 | 0 | 9 | |a men and women |2 eczenas |
| 650 | 0 | 9 | |a partner relationships |2 eczenas |
| 655 | 7 | |a populárně-naučné publikace |7 fd131864 |2 czenas | |
| 655 | 7 | |a příběhy |7 fd133204 |2 czenas | |
| 655 | 9 | |a popular works |2 eczenas | |
| 655 | 9 | |a stories |2 eczenas | |
| 700 | 1 | |a Mandausová, Klára, |d 1968- |7 jx20101217009 |4 aut | |
| 900 | |a ABA001 |b 19 | ||
| 928 | 9 | |a Albatros Media - Mladá fronta | |
| 044 | |a xr | ||
| 910 | |a RBIT002 | ||
| 998 | |d 423279 |a https://core.palmknihy.cz/api/books/423279/cover?t4kego |b https://core.palmknihy.cz/api/books/423279/cover/400?t4kego |c https://core.palmknihy.cz/api/books/423279/cover/50?t4kego |e 2035-12-31 |g 176 |i 9788020465979 |j https://core.palmknihy.cz/api/books/423279/preview.epub |k https://core.palmknihy.cz/api/books/423279/preview.pdf |l |q 49 |r 1 |s https://www.palmknihy.cz/kniha/423279 |t ebook |y 2025 |z 0 | ||
| 999 | |d 312852 | ||